000 00832nas a2200277 4500
001 BR0500593
003 BR-BrBNA
005 20231205105126.0
007 ta
008 230509b bl.|||p| |||| 00| 00por d
040 _aBR-BrBNA
_bpor
_cBiblioteca Nacional de Agricultura
041 _a(Pt)
072 _aK50
100 1 _aIwakiri, S.
100 1 _aNielsen, I.R.
100 1 _aAlberti, R.A.R.
245 1 _aAvaliação da influencia de diferentes composições de lâminas em compensados estruturais de Pinus elliottii e Eucalyptus saligna
650 _aPINHEIRO
650 _aEUCALIPTO
650 _aCOMPENSADO
650 _aRESISTÊNCIA
650 _aLAMINADO
773 0 _tCerne (Brazil)
_xISSN 0104-7760
_g(2000), v. 6(2) p. 19-24
_wBR0500593
909 _a202311
_bLúcia
_c55
_dLúcia Elande
942 _2AGRIS
_n0
_cANA
999 _c181373
_d181373